000 00674cam a2200253 4500
001 M2195
008 090401t1994 xxu||||| |||| 00| 0 eng d
035 _a(Sirsi) u37103
041 _aeng
050 _a333.70285
110 _aAssociation for Geographic Information
_9166
245 4 _aThe use of DFX for geographic data.
250 _aRev. ed.
260 _aLondon
_bAssociation for Geographic Information
_c1994
300 _a3p. ; 30cm.
350 _a0
650 _aAUTOCAD
650 _aDRAWING EXCHANGE FORMAT
650 _aGIS
650 _aGIS
690 _aMANAGEMENT-BUSINESS MANAGEMENT-INFORMATION MANAGEMENT
942 _n0
948 _c04/03/1997
999 _c90436
_d90436